[Event "Canadian op"]
[Site "Toronto"]
[Date "1976.08.07"]
[Round "9"]
[White "Brodie, Hugh"]
[Black "Gencius, Victor"]
[Result "1/2-1/2"]
[WhiteElo "1881"]
[BlackElo "1600"]
[PlyCount "142"]
[EventDate "1976.08.31"]
[EventType "tourn"]
[EventRounds "10"]
[EventCountry "CAN"]
[SourceTitle "EXT 2022"]
[Source "ChessBase"]
[SourceDate "2021.10.06"]
[SourceVersion "1"]
[SourceVersionDate "2021.10.06"]
[SourceQuality "1"]

1. e4 d5 2. d4 dxe4 3. Nc3 Bf5 4. f3 Nf6 5. g4 Bg6 6. g5 Nd5 7. Nxe4 e6 8. c3 a6 9. Nh3 Nc6 10. Nf4 Be7 11. h4 h6 12. Nxg6 fxg6 13. gxh6 Bxh4+ 14. Ke2 gxh6 15. Bh3 Qe7 16. Bxe6 Qxe6 17. Rxh4 0-0-0 18. Qh1 Nf6 19. Qh3 Qxh3 20. Rxh3 Rde8 21. Kd3 Nh5 22. Be3 Ref8 23. Rg1 Ne7 24. c4 Re8 25. Ng3 Nxg3 26. Rgxg3 Nf5 27. Bf2 Nxg3 28. Bxg3 g5 29. Be5 Rh7 30. Ke4 Rf8 31. b4 Kd7 32. a4 Rg8 33. a5 g4 34. fxg4 Rxg4+ 35. Kd5 c6+ 36. Kc5 Re7 37. Rh5 Re6 38. b5 axb5 39. cxb5 cxb5 40. Kxb5 Rg1 41. Rf5 Rb1+ 42. Kc4 b5+ 43. axb6 Rexb6 44. Kd5 Rg6 45. Rf7+ Ke8 46. Rh7 Rh1 47. Rh8+ Kd7 48. Rh7+ Kc8 49. Bd6 h5 50. Kc6 Rc1+ 51. Kd5 Rg5+ 52. Be5 Rh1 53. Kc6 Rg6+ 54. Bd6 Rc1+ 55. Kd5 Rg5+ 56. Be5 Ra1 57. Kc6 Rg6+ 58. Kc5 Rc1+ 59. Kd5 Rh1 60. Bd6 h4 61. Kc6 Rc1+ 62. Kd5 Rg4 63. Rh6 Rc3 64. Bc5 Rcg3 65. Bd6 Rc3 66. Bb4 Rb3 67. Bc5 Rbg3 68. Bd6 Rg5+ 69. Kc6 Rc3+ 70. Bc5 Rcg3 71. Rxh4 R3g4 1/2-1/2